<?xml version="1.0" encoding="UTF-8"?>
<record
    xmlns:xsi="http://www.w3.org/2001/XMLSchema-instance"
    xsi:schemaLocation="http://www.loc.gov/MARC21/slim http://www.loc.gov/standards/marcxml/schema/MARC21slim.xsd"
    xmlns="http://www.loc.gov/MARC21/slim">

  <leader>00691nam a22001937a 4500</leader>
  <datafield tag="999" ind1=" " ind2=" ">
    <subfield code="c">187596</subfield>
    <subfield code="d">187596</subfield>
  </datafield>
  <controlfield tag="005">20220425134408.0</controlfield>
  <datafield tag="010" ind1=" " ind2=" ">
    <subfield code="a">UR-11525</subfield>
  </datafield>
  <datafield tag="020" ind1=" " ind2=" ">
    <subfield code="c">200.00</subfield>
    <subfield code="a">9788193911518</subfield>
  </datafield>
  <datafield tag="035" ind1=" " ind2=" ">
    <subfield code="a">U-10080</subfield>
  </datafield>
  <datafield tag="037" ind1=" " ind2=" ">
    <subfield code="b">DBAD/PUB</subfield>
    <subfield code="a">-</subfield>
  </datafield>
  <datafield tag="082" ind1=" " ind2=" ">
    <subfield code="a">841</subfield>
    <subfield code="2">Ist</subfield>
  </datafield>
  <datafield tag="100" ind1=" " ind2=" ">
    <subfield code="a">&#x645;&#x635;&#x62D;&#x641; &#x627; &#x642;&#x628;&#x627; &#x644; &#x62A;&#x648; &#x635;&#x64A;&#x641;&#x6CC; </subfield>
  </datafield>
  <datafield tag="245" ind1=" " ind2=" ">
    <subfield code="a">&#x631; &#x627; &#x62A; &#x62E;&#x64A;&#x627; &#x644;&#x648; &#x6BA; &#x645;&#x64A;&#x6BA; &#x6AF;&#x645; </subfield>
    <subfield code="c"> &#x645;&#x635;&#x62D;&#x641; &#x627; &#x642;&#x628;&#x627; &#x644; &#x62A;&#x648; &#x635;&#x64A;&#x641;&#x6CC; </subfield>
    <subfield code="h">&#x627; &#x631; &#x62F; &#x648; </subfield>
  </datafield>
  <datafield tag="246" ind1=" " ind2=" ">
    <subfield code="b">Raat Khyalon Mein Gum  (Urdu)</subfield>
    <subfield code="a">by Mushaf Iqbal Tousifi </subfield>
  </datafield>
  <datafield tag="260" ind1=" " ind2=" ">
    <subfield code="a">Tilangana </subfield>
    <subfield code="b">Al-Ansar Publications </subfield>
    <subfield code="c">2019 &#x621;  </subfield>
  </datafield>
  <datafield tag="270" ind1=" " ind2=" ">
    <subfield code="a">Riyasat Nagar ,Jamal Colony,</subfield>
    <subfield code="b">Hyderabad</subfield>
    <subfield code="e">059</subfield>
    <subfield code="k">09391301192</subfield>
    <subfield code="l">-</subfield>
  </datafield>
  <datafield tag="300" ind1=" " ind2=" ">
    <subfield code="a">120 &#x635;</subfield>
    <subfield code="c">22 Cm(Hb)</subfield>
  </datafield>
  <datafield tag="942" ind1=" " ind2=" ">
    <subfield code="2">ddc</subfield>
    <subfield code="c">UR</subfield>
    <subfield code="h">841</subfield>
    <subfield code="m">&#x645; &#x635; &#x62D; </subfield>
  </datafield>
  <datafield tag="952" ind1=" " ind2=" ">
    <subfield code="0">0</subfield>
    <subfield code="1">0</subfield>
    <subfield code="4">0</subfield>
    <subfield code="7">1</subfield>
    <subfield code="8">NFIC</subfield>
    <subfield code="a">DBAD</subfield>
    <subfield code="b">L</subfield>
    <subfield code="d">2022-04-25</subfield>
    <subfield code="e">DBAD/PUB</subfield>
    <subfield code="g">200.00</subfield>
    <subfield code="l">0</subfield>
    <subfield code="o">841 &#x645; &#x635; &#x62D;</subfield>
    <subfield code="p">U-10080</subfield>
    <subfield code="r">2022-04-25 00:00:00</subfield>
    <subfield code="t">1</subfield>
    <subfield code="v">200.00</subfield>
    <subfield code="w">2022-04-25</subfield>
    <subfield code="y">UR</subfield>
  </datafield>
</record>
